MARC

LEADER 00000nam0a2200000 4500
001 67843
005 20231031074141.0
035 |a (RuTPU)RU\TPU\book\72237 
090 |a 67843 
100 |a 20040924d2004 m y0rusy50 ca 
101 0 |a rus 
102 |a RU 
105 |a a j 001zy 
200 1 |a Экономика отраслевых рынков  |e учебное пособие  |f Ю. А. Никитина  |g Томский политехнический университет (ТПУ), Институт дистанционного образования (ИДО) 
210 |a Томск  |c Изд-во ТПУ  |d 2004 
215 |a 112 с.  |c ил. 
320 |a Библиогр.: с. 108. 
610 1 |a экономика 
610 1 |a экономическая теория 
610 1 |a рынок 
610 1 |a рыночная экономика 
610 1 |a отраслевые рынки 
610 1 |a монополии 
610 1 |a власть 
610 1 |a концентрация 
610 1 |a доминирующая фирма 
610 1 |a рыночная власть 
610 1 |a взаимодействия 
610 1 |a фирмы 
610 1 |a продукты 
610 1 |a дифференциация 
610 1 |a вертикальный контроль 
610 1 |a инновации 
610 1 |a государственная отраслевая политика 
610 1 |a учебные пособия 
610 1 |a дистанционное обучение 
686 |a У011.31я73  |v LBC/SL-A  |2 rubbk 
700 1 |a Никитина  |b Ю. А.  |c российский учёный в области международного менеджмента  |c доцент Томского политехнического университета, кандидат философских наук  |f 1963-  |g Юлия Анатольевна  |2 stltpush  |3 (RuTPU)RU\TPU\pers\24692 
712 0 2 |a Томский политехнический университет (ТПУ)  |b Институт дистанционного образования (ИДО)  |2 stltpush  |3 (RuTPU)RU\TPU\col\12625 
801 1 |a RU  |b 63413507  |c 20040924  |g PSBO 
801 2 |a RU  |b 63413507  |c 20210122  |g PSBO 
942 |c BK